<?xml version="1.0" encoding="UTF-8"?><?xml-stylesheet type="text/xsl" href="static/style.xsl"?><OAI-PMH xmlns="http://www.openarchives.org/OAI/2.0/" xmlns:xsi="http://www.w3.org/2001/XMLSchema-instance" xsi:schemaLocation="http://www.openarchives.org/OAI/2.0/ http://www.openarchives.org/OAI/2.0/OAI-PMH.xsd"><responseDate>2026-06-01T23:29:49Z</responseDate><request verb="GetRecord" identifier="oai:riuma.uma.es:10630/31604" metadataPrefix="marc">https://riuma.uma.es/rest/oai/request</request><GetRecord><record><header><identifier>oai:riuma.uma.es:10630/31604</identifier><datestamp>2026-02-03T11:09:31Z</datestamp><setSpec>com_10630_2254</setSpec><setSpec>col_10630_37953</setSpec></header><metadata><record xmlns="http://www.loc.gov/MARC21/slim" xmlns:dcterms="http://purl.org/dc/terms/" xmlns:doc="http://www.lyncode.com/xoai" xmlns:xsi="http://www.w3.org/2001/XMLSchema-instance" xsi:schemaLocation="http://www.loc.gov/MARC21/slim http://www.loc.gov/standards/marcxml/schema/MARC21slim.xsd">
   <leader>00925njm 22002777a 4500</leader>
   <datafield ind2=" " ind1=" " tag="042">
      <subfield code="a">dc</subfield>
   </datafield>
   <datafield ind2=" " ind1=" " tag="720">
      <subfield code="a">Isla-Castillo, Fernando</subfield>
      <subfield code="e">author</subfield>
   </datafield>
   <datafield ind2=" " ind1=" " tag="260">
      <subfield code="c">2002</subfield>
   </datafield>
   <datafield ind2=" " ind1=" " tag="520">
      <subfield code="a">Este artículo muestra una aplicación del Modelo Económico de Simulación para&#xd;
Andalucía (MECA). En concreto, simulamos los impactos macroeconómicos de la&#xd;
demanda turística en la región. Además comparamos los impactos económicos con el&#xd;
análisis input-output y con modelos alternativos de MECA. En este sentido, el modelo&#xd;
MECA va más allá de los modelos input-output donde los multiplicadores son constantes&#xd;
porque la demanda es perfectamente inelástica y la oferta perfectamente elástica.&#xd;
En contraste, MECA y los modelos alternativos muestran diferentes hipótesis sobre&#xd;
la oferta y demanda de trabajo.</subfield>
   </datafield>
   <datafield ind1="8" ind2=" " tag="024">
      <subfield code="a">Isla Castillo F. (2002). Análisis del impacto de la demanda turística en Andalucía mediante un modelo de simulación. Cuadernos de Ciencias Económicas y Empresariales. ISSN 0211-4356, Nº 42, 2002, págs. 37-60.</subfield>
   </datafield>
   <datafield ind1="8" ind2=" " tag="024">
      <subfield code="a">0211-4356</subfield>
   </datafield>
   <datafield ind1="8" ind2=" " tag="024">
      <subfield code="a">https://hdl.handle.net/10630/31604</subfield>
   </datafield>
   <datafield tag="653" ind2=" " ind1=" ">
      <subfield code="a">Turismo - Andalucía</subfield>
   </datafield>
   <datafield tag="653" ind2=" " ind1=" ">
      <subfield code="a">Turismo - Aspectos económicos</subfield>
   </datafield>
   <datafield tag="653" ind2=" " ind1=" ">
      <subfield code="a">Modelos econométricos</subfield>
   </datafield>
   <datafield ind2="0" ind1="0" tag="245">
      <subfield code="a">Análisis del impacto de la demanda turística en Andalucía mediante un modelo de simulación.</subfield>
   </datafield>
</record>
</metadata></record></GetRecord></OAI-PMH>